Chauves célèbres - Mort subite - Statistiques

Statistiques générales
  • Ce quiz a été pris 1 136 fois
  • Le résultat moyen est 10 sur 15
Answers on the Grid
Answers color-coded by a green-red scale on the quiz's grid according to % correct below.
Bruce Willis
Vincent Lagaf'
Vin Diesel
Harry Roselmack
Andre Agassi
Zinedine Zidane
Michel Blanc
Frank Lebœuf
Pascal Obispo
Samuel L.Jackson
Mr. Propre
Telly Savalas (Kojak)
Éric Judor
Dalaï-lama
Franck Gastambide
Serge Lama
Peter Falk (Columbo)
George Sand
Philippe Lacheau
Robert Downey Jr.
Michel Sardou
Michael Jackson
Vianney
Prince Harry
Johnny Hallyday
Léon Marchand
Steven Spielberg
Nikos Aliagas
Jean-Luc Reichmann
Gaston Lagaffe
 
Statistiques - réponses
Réponse % Correct
Mr. Propre
86%
Zinedine Zidane
85%
Pascal Obispo
82%
Frank Lebœuf
80%
Éric Judor
77%
Vin Diesel
77%
Bruce Willis
74%
Vincent Lagaf'
73%
Franck Gastambide
68%
Dalaï-lama
66%
Michel Blanc
64%
Harry Roselmack
60%
Samuel L.Jackson
55%
Andre Agassi
49%
Telly Savalas (Kojak)
40%
Aucun quiz correspondant
Distribution des résultats
% des personnes avec chaque résultat
Percentile par nombre de réponses
Votre historique - résultats
Vous n’avez pas pris ce quiz